Normal view
MARC view
- INTERNET - HOW TO PROGRAM.WORLD WIDE WEB - HOW TO PROGRAM
Entry Topical Term
001 - CONTROL NUMBER
- control field: 73636
003 - CONTROL NUMBER IDENTIFIER
- control field: NUST
005 - DATE AND TIME OF LATEST TRANSACTION
- control field: 20210628205042.0
008 - FIXED-LENGTH DATA ELEMENTS
- fixed length control field: 210628|| aca||aabn | a|a d
040 ## - CATALOGING SOURCE
- Original cataloging agency: NUST
- Transcribing agency: NUST
150 ## - HEADING--TOPICAL TERM
- Topical term or geographic name entry element: INTERNET - HOW TO PROGRAM.WORLD WIDE WEB - HOW TO PROGRAM
670 ## - SOURCE DATA FOUND
- Source citation: Work cat.: (NUST): Deitel, P.J 73635, Internet and world wide web,how to program, 2013
